000 00600nam a2200205Ii 4500
003 JO-AjNU
008 230605s9999||||xx |||||||||||||| ||und||
040 _aJO-AjNU
_bara
_erda
_cJO-AjNU
041 _aara
050 1 4 _aHF5547.5.S9942.1988
100 3 _aحسب الله،سيد,
_eauthor
_97770
245 0 0 _aفن السكرتارية والمراسلات الحديثة
250 _aط2
264 3 1 _aد.م:د.ن؛1988
300 _a199ص
336 _atext
_btxt
_2rdacontent
337 _aunmediated
_bn
_2rdamedia
338 _avolume
_bnc
_2rdacarrier
650 4 _aالسكرتارية
_97771
999 _aA448
_c4016
_d4016